Un albero pieno di orsi

Saved in:
書目詳細資料
主要作者: Durrell, Gerald
格式: 圖書
語言:英语
標簽: 添加標簽
沒有標簽, 成為第一個標記此記錄!

MARC

LEADER 00000nam a2200000 4500
001 CDOM0000005755
003 mi
005 20251017205417.0
008 250729b |||||||| |||| 00| 0 eng d
040 |c mi 
100 |a Durrell, Gerald 
245 1 |a Un albero pieno di orsi  
942 |2 ddc  |c BK 
952 |0 0  |1 0  |2 ddc  |4 0  |7 0  |9 7966  |a MI  |b MI  |d 2014-09-01  |i 6633  |l 0  |p CDOM6633  |r 2025-07-13 16:28:00  |w 2025-07-13  |y BK 
999 |c 6630  |d 6630